[Event "Mitropa Cup Women 2013"]
[Site "Meissen GER"]
[Date "2013.06.06"]
[Round "6.2"]
[White "Novkovic,J"]
[Black "Varga,Kl"]
[Result "0-1"]
[WhiteElo "2132"]
[BlackElo "2204"]

1.e4 c5 2.Nf3 e6 3.Nc3 Nc6 4.d4 cxd4 5.Nxd4 Qb6 6.Nb3 Nf6 7.Bd3 a6 8.Qe2 d6
9.Bd2 Be7 10.O-O Bd7 11.Kh1 Qc7 12.f4 O-O 13.Rae1 Nb4 14.e5 dxe5 15.fxe5 Ne8
16.Bxh7+ Kxh7 17.Qh5+ Kg8 18.Ne4 Nd5 19.Rf3 f5 20.Ng5 Bxg5 21.Bxg5 Nef6 22.exf6 Nxf6
23.Qh4 e5 24.Rc3 Bc6 25.Qc4+ Qf7 26.Qxf7+ Kxf7 27.Be3 Nd5 28.Rd3 e4 29.Rdd1 Nxe3
30.Rxe3 f4 31.Rc3 Rad8 32.Re1 e3 33.Rc5 Rd5 34.Kg1 Rfd8 35.Rxd5 Rxd5 36.h4 g5
37.c4 Rd3 38.hxg5 Kg6 39.Kf1 Kxg5 40.Ke2 Be4 41.c5 Kg4 42.Rc1 Kg3 43.Rc4 Bxg2
44.Rxf4 Rxb3 45.Rf7 Rxb2+ 46.Kxe3 Rxa2 47.Rg7+ Kh2 48.Rh7+ Kg1 49.Rf7 Rc2
50.Kd4 a5 51.Rf8 a4 52.Rg8 a3 53.Ra8 a2 54.Ra3 Bf1 55.c6 bxc6  0-1

[Event "FIDE World Rapid 2013"]
[Site "Khanty-Mansiysk RUS"]
[Date "2013.06.07"]
[Round "8.7"]
[White "Akopian,Vl"]
[Black "Potkin,V"]
[Result "1-0"]
[WhiteElo "2691"]
[BlackElo "2647"]

1.e4 c5 2.Nf3 e6 3.d4 cxd4 4.Nxd4 Nc6 5.Nc3 Qc7 6.Be3 a6 7.Qd2 Nf6 8.O-O-O Be7
9.f3 b5 10.g4 Nxd4 11.Bxd4 Bb7 12.g5 Nh5 13.Kb1 O-O 14.Bd3 e5 15.Bf2 g6 16.Nd5 Bxd5
17.exd5 Bc5 18.d6 Qb6 19.Bxc5 Qxc5 20.Be4 Rab8 21.Qa5 Qb6 22.Qc3 Rfe8 23.Qc7 Nf4
24.Qxd7 Qd8 25.Qa7 Qb6 26.Qd7 Qd8 27.Qc6 Qb6 28.Qc3 Rbd8 29.Qc7 Qxc7 30.dxc7 Rc8
31.Rd7 Ne6 32.Bd5 Nxg5 33.h4 Ne6 34.Bxe6 fxe6 35.Rhd1 Rf8 36.Re7 Rxf3 37.Rd8+ Rf8
38.Rxc8 Rxc8 39.Rd7  1-0

[Event "FIDE World Rapid 2013"]
[Site "Khanty-Mansiysk RUS"]
[Date "2013.06.07"]
[Round "8.5"]
[White "Kamsky,G"]
[Black "Movsesian,S"]
[Result "1/2-1/2"]
[WhiteElo "2741"]
[BlackElo "2699"]

1.e4 c5 2.Nf3 e6 3.d4 cxd4 4.Nxd4 Nc6 5.Nc3 Qc7 6.Be2 a6 7.O-O Nf6 8.Be3 Be7
9.f4 d6 10.Qe1 O-O 11.Qg3 d5 12.e5 Nxd4 13.Bxd4 Bc5 14.Qe3 Nd7 15.Bd3 Bxd4
16.Qxd4 Qc5 17.Ne2 f6 18.b4 Qc7 19.exf6 Nxf6 20.c4 dxc4 21.Qxc4 Qb6+ 22.Qc5 Qxc5+
23.bxc5 Rd8 24.Rfd1 Kf8 25.Rab1 Rd5 26.Nc3 Rxc5 27.Na4 Rc7 28.Nb6 Rb8 29.Rbc1 Rxc1
30.Rxc1 Bd7 31.Nxd7+ Nxd7 32.Bxh7 Ke7 33.Be4 Kd6 34.h4 Nc5 35.Rd1+ Ke7 36.Bg6 b5
37.Rc1 Kd6 38.Rd1+ Ke7 39.Rc1 Kd6 40.Rd1+ Ke7 41.Rc1  1/2-1/2

[Event "FIDE World Rapid 2013"]
[Site "Khanty-Mansiysk RUS"]
[Date "2013.06.07"]
[Round "9.18"]
[White "Kobalia,M"]
[Black "Rublevsky,S"]
[Result "1/2-1/2"]
[WhiteElo "2651"]
[BlackElo "2695"]

1.e4 c5 2.Nf3 e6 3.d4 cxd4 4.Nxd4 Nc6 5.Nc3 a6 6.Nxc6 bxc6 7.e5 Qc7 8.Qe2 Rb8
9.f4 d5 10.exd6 Bxd6 11.Qg4 f5 12.Qh5+ g6 13.Qh4 e5 14.Bc4 e4 15.Be3 Qe7
16.Qf2 Nf6 17.h3 Rxb2 18.O-O Rb8 19.Rfd1 Be6 20.Bxa6 O-O 21.a4 Ra8 22.Bf1 Ra5
23.Bd4 Bc5 24.Nb5 Nd7 25.Bxc5 Nxc5 26.Nd4 Rc8 27.Nxe6 Nxe6 28.Bc4 Kg7 29.Bxe6 Qxe6
30.Rab1 Rc7 31.Qd4+ Qf6 32.Qb4 Rca7 33.Rd6 Rxa4 34.Qb8 Qe7 35.Rxc6 e3 36.Rcb6 e2
37.Qe5+ Qxe5 38.fxe5 Re4 39.Kf2 Rc7 40.R6b2 Rd7 41.Re1 Rd2 42.Rb7+ Kh6 43.Rc7 Rxe5
44.c4 g5 45.c5 g4 46.hxg4 fxg4 47.c6 Rd1 48.g3 Rd3 49.Rf7 Kg6 50.Rf4 h5 51.Rc4 Rf3+
52.Kg2 Ree3 53.c7 Rxg3+ 54.Kf2 Rgf3+ 55.Kg2 Rg3+ 56.Kf2 Rgf3+ 57.Kg2 Rg3+  1/2-1/2

[Event "FIDE World Rapid 2013"]
[Site "Khanty-Mansiysk RUS"]
[Date "2013.06.07"]
[Round "9.1"]
[White "Nepomniachtchi,I"]
[Black "Grachev,B"]
[Result "1-0"]
[WhiteElo "2717"]
[BlackElo "2683"]

1.e4 c5 2.Nf3 e6 3.d4 cxd4 4.Nxd4 Nc6 5.Nc3 Qc7 6.g3 a6 7.Bg2 Nf6 8.O-O Be7
9.a4 O-O 10.Re1 d6 11.h3 Nxd4 12.Qxd4 e5 13.Qd3 Be6 14.Be3 Rac8 15.a5 Qc4
16.Qd2 Rfd8 17.Bb6 Re8 18.Ra4 Qc6 19.Rd1 h6 20.Raa1 Nd7 21.Be3 Nf6 22.Rdc1 Qc4
23.Kh2 Red8 24.Bb6 Re8 25.Rd1 Qb4 26.Rdb1 Qc4 27.Be3 Red8 28.Rd1 Qb4 29.Nd5 Nxd5
30.exd5 Qxd2 31.Rxd2 Bf5 32.Rc1 Bg5 33.c4 Bxe3 34.fxe3 b6 35.axb6 Rb8 36.g4 Bc8
37.b4 Rxb6 38.c5 Rxb4 39.c6 Kf8 40.Bf1 Ke7 41.Ra2 Rb6 42.Rca1 h5 43.Bxa6 hxg4
44.Bxc8 Rxc8 45.Ra7+ Kf6 46.Rf1+ Kg5 47.Raxf7 g6 48.Rg1 Rb2+ 49.Kh1 Rb4 50.Rxg4+ Rxg4
51.hxg4 Ra8 52.Kg2 Kxg4 53.Rf6 Ra2+ 54.Kf1 e4 55.Rxd6 Rc2 56.Rf6 g5 57.Rf2 Rc5
58.Rd2 Kf3 59.Ke1 g4 60.d6 Rc1+ 61.Rd1 Rxd1+ 62.Kxd1 g3 63.d7 g2 64.d8=Q g1=Q+
65.Kc2 Qxe3 66.Qd1+ Kg3 67.Qd6+ Kf2 68.c7 Qe2+ 69.Kc3 Qe1+ 70.Kd4 Qd2+ 71.Ke5 Qc2
72.Qf8+ Ke1 73.c8=Q Qb2+ 74.Kd5 e3 75.Qf4 Qd2+ 76.Qd4 Qg2+ 77.Kc4 Qa2+ 78.Kb4 Qb1+
79.Ka3 e2 80.Qcc3+  1-0

[Event "43rd Open A Bosna 2013"]
[Site "Sarajevo BIH"]
[Date "2013.06.07"]
[Round "8.10"]
[White "Kadric,D"]
[Black "Bejtovic,J"]
[Result "1-0"]
[WhiteElo "2460"]
[BlackElo "2397"]

1.e4 c5 2.Nc3 e6 3.Nf3 Nc6 4.d4 cxd4 5.Nxd4 Qc7 6.Be3 a6 7.f4 b5 8.Bd3 Bb7
9.Nb3 d6 10.Qf3 Nf6 11.O-O Be7 12.Qh3 h5 13.Kh1 Nb4 14.Rac1 Ng4 15.Bg1 Nxd3
16.cxd3 Qd7 17.Nd4 Bf6 18.Nce2 g6 19.Rc2 O-O 20.Ng3 Bg7 21.f5 exf5 22.Ndxf5 Rac8
23.Nxh5 Rxc2 24.Qxg4 Bc8 25.Nhxg7 Qc7 26.Qg5  1-0

[Event "French Top 12 2013"]
[Site "Haguenau FRA"]
[Date "2013.06.08"]
[Round "10.5"]
[White "Renet,O"]
[Black "Tregubov,P"]
[Result "1/2-1/2"]
[WhiteElo "2469"]
[BlackElo "2611"]

1.e4 c5 2.Nf3 e6 3.d4 cxd4 4.Nxd4 Nc6 5.Nc3 Nf6 6.Nxc6 bxc6 7.e5 Nd5 8.Ne4 Qc7
9.f4 Qb6 10.c4 Bb4+ 11.Ke2 f5 12.exf6 Nxf6 13.Be3 Qd8 14.Nd6+ Bxd6 15.Qxd6 Bb7
16.Kd1 c5 17.Bd3 Rc8 18.Re1 Be4 19.Bxe4 Nxe4 20.Qe5 Nf6 21.Kc2 Qa5 22.Bd2 Qa6
23.Qe2 O-O 24.Bc3 Ne8 25.Rad1 Rxf4 26.Kb1 Qc6 27.Rf1 Rxf1 28.Rxf1 h6 29.Rf4 Qd6
30.Rg4 Qf8 31.Qd3 d6 32.a3 Qf5 33.Qxf5 exf5 34.Rf4 g6 35.g4 Ng7 36.Rf2 Rf8
37.Rd2 f4 38.Kc2 f3 39.Rf2 Rf4 40.Kd3 Rxg4 41.Rxf3 Nf5 42.h3 Rh4 43.b4 Kf7
44.Be1 Rd4+ 45.Kc3 d5 46.cxd5 cxb4+ 47.axb4 Rxd5 48.Bf2 a6 49.Bc5 Rd1 50.Kc4 Ke6
51.Ra3 Nd6+ 52.Bxd6 Rxd6 53.Kc5 g5 54.Re3+ Kd7 55.Rf3 Rg6 56.Kd5 Ke7 57.Rc3 Rd6+
58.Ke5 Rb6 59.Rc7+ Kf8 60.Ra7 Rxb4 61.Rxa6 Rh4 62.Kf6 Ke8 63.Ra3 Kd7 64.Kf5 Kd6
65.Rd3+ Ke7 66.Ra3 Kd6 67.Rd3+ Kc5 68.Ra3 Kd5 69.Ra5+ Kd6 70.Ra6+ Ke7 71.Ra7+ Kd6  1/2-1/2

[Event "FIDE World Rapid 2013"]
[Site "Khanty-Mansiysk RUS"]
[Date "2013.06.08"]
[Round "14.17"]
[White "Safarli,E"]
[Black "Dubov,Danii"]
[Result "1-0"]
[WhiteElo "2660"]
[BlackElo "2638"]

1.e4 c5 2.Nf3 e6 3.d4 cxd4 4.Nxd4 Nc6 5.Nc3 a6 6.Nxc6 bxc6 7.Bd3 d5 8.O-O Nf6
9.Re1 Be7 10.e5 Nd7 11.Qg4 Kf8 12.b3 c5 13.Na4 Bb7 14.c4 d4 15.Qe2 Qc7 16.Be4 h5
17.Nb2 Rb8 18.Nd3 Bxe4 19.Qxe4 Qb7 20.Qe2 g6 21.Bd2 Kg7 22.Ba5 h4 23.Nf4 Bg5
24.Nh3 Be7 25.Nf4 Bg5 26.Nh3 Bd8 27.Bxd8 Rbxd8 28.Nf4 a5 29.Rad1 a4 30.Rd3 axb3
31.axb3 Ra8 32.Qg4 Qb6 33.h3 Qc7 34.Qxg6+ fxg6 35.Nxe6+ Kh6 36.Nxc7 Ra7 37.Nd5 Re8
38.e6 Nf8 39.e7 Nd7 40.b4 cxb4 41.Nxb4 Ra4 42.Rxd4 Nf6 43.Nd5 Nxd5 44.Rxd5 Ra7
45.Re4 Rexe7 46.Rxh4+ Kg7 47.Rg4 Re6 48.c5 Ra1+ 49.Kh2 Ra2 50.f3 Rc2 51.h4 Kh6
52.h5 gxh5 53.Rh4 Ree2 54.Rhxh5+ Kg6 55.Rhg5+ Kf6 56.f4 Rf2 57.Rdf5+ Ke6
58.Kh3 Rc3+ 59.g3 Rf1 60.Kg2 Rfc1 61.Re5+ Kf6 62.Re2 Rb3 63.Rd2 Rcc3 64.Rd6+ Kf7
65.c6 Rb6 66.Kh3 Rbxc6 67.Rxc6 Rxc6 68.Ra5 Kf6 69.g4 Rc1 70.Ra6+ Kf7 71.Kh4 Rc5
72.f5  1-0

[Event "National Open 2013"]
[Site "Las Vegas USA"]
[Date "2013.06.08"]
[Round "4"]
[White "Corrales Jimenez,F"]
[Black "Ehlvest,J"]
[Result "1/2-1/2"]
[WhiteElo "2661"]
[BlackElo "2621"]

1.e4 c5 2.Nf3 e6 3.d4 cxd4 4.Nxd4 Nc6 5.Nc3 Qc7 6.Be2 a6 7.O-O Nf6 8.Be3 Be7
9.f4 d6 10.Kh1 Bd7 11.a4 O-O 12.Qe1 d5 13.e5 Ne4 14.Nxe4 dxe4 15.c3 Nxd4
16.Bxd4 Bc5 17.Bg4 Bxd4 18.cxd4 Rad8 19.b3 Bc6 20.Qe3 f5 21.Be2 Bd5 22.a5 Qe7
23.Rfc1 Qb4 24.Bc4 Rc8 25.Ra4 Qxa4 26.bxa4 Rxc4 27.Rxc4 Bxc4 28.h3 Rc8 29.Kh2 Bd5
30.g4 g6 31.Kg3 h6 32.Kh4 Rf8 33.Qc1 fxg4 34.Kxg4 Kg7 35.h4 h5+ 36.Kg3 Rf7
37.Kf2 Rf8 38.Ke3 Rf7 39.Qc8  1/2-1/2

[Event "FIDE World Blitz 2013"]
[Site "Khanty-Mansiysk RUS"]
[Date "2013.06.09"]
[Round "2.7"]
[White "Kamsky,G"]
[Black "Grachev,B"]
[Result "1/2-1/2"]
[WhiteElo "2741"]
[BlackElo "2683"]

1.e4 c5 2.Nf3 e6 3.d4 cxd4 4.Nxd4 Nc6 5.Nc3 Qc7 6.Be2 Nf6 7.O-O Be7 8.Be3 O-O
9.f4 d6 10.Qe1 Nxd4 11.Bxd4 e5 12.Be3 exf4 13.Rxf4 Be6 14.Kh1 Nd7 15.Bd4 Ne5
16.b3 a6 17.a4 Rac8 18.Qg3 Qd8 19.a5 Bg5 20.Rff1 Bh4 21.Qe3 Bg5 22.Qg3 Bh4
23.Qe3 Bg5 24.Qg3  1/2-1/2

[Event "FIDE World Blitz 2013"]
[Site "Khanty-Mansiysk RUS"]
[Date "2013.06.09"]
[Round "6.9"]
[White "Kobalia,M"]
[Black "Movsesian,S"]
[Result "0-1"]
[WhiteElo "2651"]
[BlackElo "2699"]

1.e4 c5 2.Nf3 e6 3.d4 cxd4 4.Nxd4 Nc6 5.Nc3 Qc7 6.Be3 a6 7.Qd2 Nf6 8.O-O-O Be7
9.f3 b5 10.g4 Nxd4 11.Bxd4 Bb7 12.g5 Nh5 13.Ne2 Rc8 14.h4 O-O 15.Kb1 e5 16.Be3 d5
17.exd5 Bxd5 18.Rg1 Rfd8 19.Qc1 Bxf3 20.Rxd8+ Rxd8 21.Nc3 b4 22.Be2 e4 23.Bxf3 exf3
24.Nd1 Qc4 25.Nf2 Qxh4 26.Ng4 Ng3 27.Nf6+ gxf6 28.gxf6 Bd6 29.Bf2 Kh8 30.Qd1 Qxf6
31.Bd4 Be5  0-1

[Event "FIDE World Blitz 2013"]
[Site "Khanty-Mansiysk RUS"]
[Date "2013.06.09"]
[Round "8.18"]
[White "Ponkratov,P"]
[Black "Bologan,V"]
[Result "0-1"]
[WhiteElo "2605"]
[BlackElo "2672"]

1.e4 c5 2.Nf3 e6 3.d4 cxd4 4.Nxd4 Nc6 5.Nc3 Qc7 6.Be3 a6 7.Qd2 Nf6 8.O-O-O Bb4
9.f3 Ne7 10.g4 d5 11.e5 Nd7 12.f4 Nc5 13.Nde2 Ne4 14.Qd3 Nxc3 15.Nxc3 Bxc3
16.Qxc3 Qxc3 17.bxc3 Bd7 18.c4 Rc8 19.c5 h5 20.gxh5 Nf5 21.Bf2 Rxh5 22.h4 Bb5
23.Bxb5+ axb5 24.Rh3 Kd7 25.Kd2 d4 26.c3 Rxc5 27.cxd4 Rc4 28.Rb3 Kc6 29.Kd3 Rh8
30.Rdb1 Nxd4 31.Bxd4 Rd8 32.Rxb5 Rdxd4+ 33.Ke3 Re4+ 34.Kd3 Rxf4 35.Rxb7 Rc5
36.h5 Kd5 37.Rg1 Kxe5 38.Rxg7 Rd4+ 39.Ke2 Rc2+ 40.Ke3 Rc3+ 41.Ke2 f5 42.h6 Rh4
43.h7 Rh2+ 44.Kd1 Rch3 45.Ra7 f4 46.Raf7 Rxa2 47.Rg5+  0-1

[Event "FIDE World Blitz 2013"]
[Site "Khanty-Mansiysk RUS"]
[Date "2013.06.09"]
[Round "9.3"]
[White "Inarkiev,E"]
[Black "Nepomniachtchi,I"]
[Result "0-1"]
[WhiteElo "2680"]
[BlackElo "2717"]

1.Nf3 c5 2.e4 e6 3.d4 cxd4 4.Nxd4 Nc6 5.Nc3 Qc7 6.Be3 a6 7.Be2 b5 8.Nxc6 Qxc6
9.Bf3 Bb7 10.O-O Qc7 11.Re1 Bd6 12.h3 Be5 13.Bd4 Nf6 14.Nd5 Qd6 15.Bxe5 Qxe5
16.Nxf6+ gxf6 17.c3 Rc8 18.a4 Ke7 19.axb5 Qxb5 20.Qd2 Rhd8 21.Rad1 d6 22.Re3 Qg5
23.Qd4 Qc5 24.Qd2 Qg5 25.Qe2 Rc7 26.Red3 Rcd7 27.Rd4 Qe5 28.Qd3 Qg5 29.Qc2 h5
30.b4 h4 31.c4 Qe5 32.R1d2 f5 33.Qd3 a5 34.c5 axb4 35.cxd6+ Rxd6 36.Rxd6 Qxd6
37.Qxd6+ Rxd6 38.Rb2 Rb6 39.exf5 Bxf3 40.gxf3 exf5 41.Kf1 Ke6 42.Ke2 Ke5
43.Ke3 b3 44.f4+ Kd5 45.Kd3 Rb4 46.Ke3 Kc4 47.Kd2 Kd4 48.f3 Rb8  0-1

[Event "FIDE World Blitz 2013"]
[Site "Khanty-Mansiysk RUS"]
[Date "2013.06.09"]
[Round "10.11"]
[White "Dubov,Danii"]
[Black "Vitiugov,N"]
[Result "1/2-1/2"]
[WhiteElo "2638"]
[BlackElo "2734"]

1.Nf3 c5 2.e4 e6 3.d4 cxd4 4.Nxd4 Nc6 5.Nc3 Qc7 6.Be2 Nf6 7.O-O Be7 8.Be3 O-O
9.Kh1 d6 10.f4 a6 11.a4 Nxd4 12.Bxd4 e5 13.Be3 exf4 14.Bxf4 Be6 15.Rc1 Qb6
16.Bg5 Qxb2 17.Qd4 Rac8 18.Rf3 Nxe4 19.Rb1 Qxb1+ 20.Nxb1 Nxg5 21.Rf1 d5 22.Bd3 Ne4
23.Bxe4 dxe4 24.Qxe4 b6 25.Nd2 Bf6 26.Nf3 Rc4 27.Qb7 Rxa4 28.Qxb6 h6 29.h3 Rc8
30.Rf2 a5 31.Kh2 Ra2 32.Nd4 Be5+ 33.g3 Bxd4 34.Qxd4 Raxc2 35.g4 Rxf2+ 36.Qxf2 a4
37.Qa7 Rc2+ 38.Kg1 Ra2 39.h4 g6 40.h5 g5 41.Qb8+ Kh7 42.Qb1+ Kg7 43.Qb4 Rc2
44.Qd4+ f6 45.Qa7+ Bf7 46.Qxa4 Rc4 47.Qd7 Re4 48.Kf2 Re5 49.Kg3 Rd5 50.Qb7 Rd3+
51.Kf2 Rd4 52.Kg3 Rd3+ 53.Kf2 Rb3 54.Qc7 Rb4 55.Qd7 Rf4+ 56.Kg3 Re4 57.Kf3 Re5
58.Kg3 Re8 59.Kf2 Kf8 60.Qd6+ Kg7 61.Qd7 Re5 62.Kg3 Rd5 63.Qb7 Kf8 64.Qb8+ Kg7
65.Qb7 Rd4 66.Qc7 Rf4 67.Qd7  1/2-1/2

[Event "FIDE World Blitz 2013"]
[Site "Khanty-Mansiysk RUS"]
[Date "2013.06.09"]
[Round "10.9"]
[White "Najer,E"]
[Black "Movsesian,S"]
[Result "0-1"]
[WhiteElo "2633"]
[BlackElo "2699"]

1.e4 c5 2.Nf3 e6 3.d4 cxd4 4.Nxd4 Nc6 5.Nc3 a6 6.Be3 Nf6 7.f4 Bb4 8.Bd3 e5
9.fxe5 Nxe5 10.O-O Bxc3 11.bxc3 d6 12.Bg5 h6 13.Bxf6 gxf6 14.Qh5 Qe7 15.Rab1 Bg4
16.Qh4 Rc8 17.c4 Be6 18.Rxf6 Nd7 19.Rxe6 fxe6 20.Qh5+ Qf7 21.Qxf7+ Kxf7 22.Rxb7 Rhd8
23.Kf2 Kf6 24.Ke3 Ne5 25.Rh7 Rh8 26.Ra7 Ra8 27.Rb7 h5 28.Nf3 Ng4+ 29.Kd4 h4
30.h3 Ne5 31.Nxe5 dxe5+ 32.Ke3 Rhg8 33.Kf2 Raf8 34.Be2 Kg5+ 35.Ke3 Kf6 36.Bg4 Rc8
37.Rb6 Rge8 38.Be2 a5 39.Rb5 Rg8 40.Kf2 Ra8 41.a4 Rgb8 42.c5 Rxb5 43.Bxb5 Rc8
44.c6 Ke7 45.g3 Rf8+ 46.Kg2 Rg8 47.c7 Rxg3+ 48.Kf2 Rc3  0-1

[Event "FIDE World Blitz 2013"]
[Site "Khanty-Mansiysk RUS"]
[Date "2013.06.09"]
[Round "10.14"]
[White "Bologan,V"]
[Black "Potkin,V"]
[Result "0-1"]
[WhiteElo "2672"]
[BlackElo "2647"]

1.e4 c5 2.Nf3 e6 3.d4 cxd4 4.Nxd4 Nc6 5.Nc3 a6 6.Be2 d6 7.Be3 Bd7 8.Qd2 Nf6
9.O-O-O b5 10.a3 Rb8 11.f4 Be7 12.g4 O-O 13.g5 Ne8 14.Kb1 b4 15.axb4 Rxb4
16.Na2 Rb8 17.h4 Nc7 18.h5 Nb5 19.Nxb5 axb5 20.g6 h6 21.f5 b4 22.Bxh6 Qa5
23.Bxg7 b3 24.Qxa5 Nxa5 25.Bc3 bxa2+ 26.Ka1 e5 27.Bxa5 Bc6 28.Bf3 fxg6 29.hxg6 Rxf5
30.exf5 Bxf3 31.Rh7 Bxd1 32.Rxe7 Rf8 33.Re6 Rxf5 34.Rxd6 Bxc2 35.Kxa2 Rg5
36.Bc3  0-1

[Event "FIDE World Blitz 2013"]
[Site "Khanty-Mansiysk RUS"]
[Date "2013.06.09"]
[Round "10.17"]
[White "Kobalia,M"]
[Black "Grachev,B"]
[Result "0-1"]
[WhiteElo "2651"]
[BlackElo "2683"]

1.e4 c5 2.Nf3 e6 3.d4 cxd4 4.Nxd4 Nc6 5.Nc3 Qc7 6.Be3 Nf6 7.f4 Bb4 8.Nb5 Qa5
9.e5 Nd5 10.Bd2 Nxc3 11.Bxc3 Bxc3+ 12.Nxc3 O-O 13.Qd2 f6 14.exf6 Rxf6 15.g3 d5
16.Ne2 Qb6 17.O-O-O Bd7 18.Nd4 Rc8 19.Kb1 e5 20.Nxc6 bxc6 21.fxe5 Rf2 22.Qc1 Be6
23.Bd3 c5 24.Rdf1 c4 25.Rxf2 Qxf2 26.Rf1 Qd4 27.Bf5 Qxe5 28.Bxe6+ Qxe6 29.Qf4 Re8
30.a3 h6 31.Qd4 Qe5 32.Qxa7 Rb8 33.c3 Rxb2+ 34.Kxb2 Qe2+ 35.Kc1 Qxf1+ 36.Kc2 Qd3+
37.Kb2 Qd2+ 38.Kb1 Qd1+ 39.Kb2 Qb3+ 40.Kc1 Qxc3+ 41.Kd1 Qd3+ 42.Ke1 c3  0-1

[Event "FIDE World Blitz 2013"]
[Site "Khanty-Mansiysk RUS"]
[Date "2013.06.09"]
[Round "11.9"]
[White "Najer,E"]
[Black "Grachev,B"]
[Result "1/2-1/2"]
[WhiteElo "2633"]
[BlackElo "2683"]

1.e4 c5 2.Nf3 e6 3.d4 cxd4 4.Nxd4 Nc6 5.Nc3 Qc7 6.Be3 Nf6 7.Ndb5 Qb8 8.f4 d6
9.Bd3 a6 10.Nd4 e5 11.Nf3 Ng4 12.Bd2 exf4 13.Bxf4 Be6 14.Qd2 Be7 15.O-O-O Nge5
16.Kb1 O-O 17.Nd5 Qd8 18.Rhf1 Rc8 19.Be2 Nxf3 20.gxf3 Bxd5 21.exd5 Na5 22.b3 Bf6
23.c4 b5 24.cxb5 axb5 25.Rc1 Ra8 26.Qb4 Nb7 27.Rc6 Qd7 28.Bxb5 Qh3 29.Rf2 Nc5
30.Bxd6 Qf5+ 31.Kc1 Nd3+ 32.Bxd3 Qxd3 33.Qe4 Bg5+ 34.Kb2 Bf6+ 35.Kc1 Bg5+
36.Kb2 Bf6+ 37.Kc1 Bg5+ 38.Kb2  1/2-1/2

[Event "FIDE World Blitz 2013"]
[Site "Khanty-Mansiysk RUS"]
[Date "2013.06.09"]
[Round "11.21"]
[White "Kamsky,G"]
[Black "Kobalia,M"]
[Result "1-0"]
[WhiteElo "2741"]
[BlackElo "2651"]

1.e4 c5 2.Nf3 e6 3.d4 cxd4 4.Nxd4 Nc6 5.Nc3 a6 6.Be2 d6 7.O-O Bd7 8.a4 Nf6
9.Nb3 Na5 10.Nxa5 Qxa5 11.Bd2 Qc7 12.a5 Bc6 13.Bd3 Be7 14.Be3 O-O 15.f4 Nd7
16.Qd2 Rfe8 17.Kh1 Rac8 18.Ne2 Nc5 19.Ng3 Red8 20.Bxc5 dxc5 21.Qe2 c4 22.Bxc4 Bxe4
23.Bxe6 Bxg2+ 24.Qxg2 fxe6 25.c3 Rd5 26.f5 Qc6 27.fxe6 Rd2 28.Qxc6 Rxc6 29.Rad1 Rxd1
30.Rxd1 Rxe6 31.Rd7 Re5 32.Rxb7 Kf8 33.b4 Re3 34.Nf5 Re1+ 35.Kg2 Bf6 36.c4 Rb1
37.b5 axb5 38.cxb5 g6 39.a6 Ra1 40.a7  1-0

[Event "FIDE World Blitz 2013"]
[Site "Khanty-Mansiysk RUS"]
[Date "2013.06.09"]
[Round "13.24"]
[White "Kobalia,M"]
[Black "Lagno,Kateryna"]
[Result "1-0"]
[WhiteElo "2651"]
[BlackElo "2542"]

1.e4 c5 2.Nf3 e6 3.d4 cxd4 4.Nxd4 Nc6 5.Nc3 Qc7 6.Be3 a6 7.Qd2 Nf6 8.O-O-O Bb4
9.f3 O-O 10.Nb3 d5 11.Bg5 Nd7 12.exd5 exd5 13.Kb1 Nb6 14.Bf4 Qe7 15.a3 Bxc3
16.Qxc3 Bf5 17.Bd3 d4 18.Qc5 Bxd3 19.Rxd3 Qe2 20.Qxb6 Qxg2 21.Rc1 Rac8 22.Qxb7 a5
23.Nxd4 Nxd4 24.Rxd4 h6 25.Rd7 Rc4 26.Be3 Rfc8 27.Rxf7 Qg6 28.Rxg7+ Qxg7
29.Rg1 Qxg1+ 30.Bxg1 Rxc2 31.Qd5+  1-0

[Event "3rd Ortega Rating"]
[Site "Ortega COL"]
[Date "2013.06.09"]
[Round "6.2"]
[White "Ruiz C,J"]
[Black "Barrientos,S"]
[Result "1/2-1/2"]
[WhiteElo "2394"]
[BlackElo "2462"]

1.e4 c5 2.Nf3 Nc6 3.d4 cxd4 4.Nxd4 e6 5.Nc3 Qc7 6.Be3 a6 7.Bd3 Nf6 8.O-O h5
9.h3 b5 10.a3 Bb7 11.Qe2 Bd6 12.f4 Nxd4 13.Bxd4 h4 14.Qf2 e5 15.fxe5 Bxe5
16.Bxe5 Qxe5 17.Qb6 Bc6 18.Rf5 Qb8 19.Qf2 Qa7 20.Re5+ Kf8 21.Rc5 Kg8 22.e5 Nh5
23.Rf1 Rf8 24.Bg6 Nf4 25.Be4 Ne6 26.b4 Nxc5 27.bxc5 Bxe4 28.Nxe4 Qa8 29.Qf4 Rh7
30.Qg4 Kh8 31.Ng5 Qd5 32.Nxh7 Qxc5+ 33.Kh1 Kxh7 34.Rf5 Qc4 35.Rh5+ Kg8 36.Qf5 g6
37.Qf6  1/2-1/2

[Event "FIDE World Blitz 2013"]
[Site "Khanty-Mansiysk RUS"]
[Date "2013.06.10"]
[Round "17.22"]
[White "Frolyanov,D"]
[Black "Kobalia,M"]
[Result "1-0"]
[WhiteElo "2570"]
[BlackElo "2651"]

1.e4 c5 2.Nf3 e6 3.d4 cxd4 4.Nxd4 Nc6 5.Nc3 a6 6.g3 d6 7.Bg2 Bd7 8.Nb3 b5
9.O-O Nf6 10.a4 b4 11.Ne2 Be7 12.a5 O-O 13.Be3 Ne5 14.Bb6 Qc8 15.Qd2 d5 16.exd5 Nxd5
17.Nf4 Bc6 18.Nd4 Nc4 19.Nxc6 Nxd2 20.Nxd5 Kh8 21.Ndxe7 Qe8 22.Rfd1 Nc4 23.b3 Na3
24.c3 Rc8 25.cxb4 Nc2 26.Rac1 Nxb4 27.Nxc8 Nd5 28.Nd6 Qd7 29.Ne4 Qb7 30.Nd4 Nxb6
31.axb6 Qxb6 32.Nc5 Rd8 33.Nc6 Rg8 34.Nd7 Qxb3 35.Nde5 Rf8 36.Nxf7+ Kg8 37.Ng5 Qb6
38.Ne4 a5 39.Rd7 a4 40.Ra7 Qb2 41.Rd1 a3 42.h4 a2 43.h5 h6 44.Kh2 Rf5 45.Bh3 Rxh5
46.Ne7+ Kh7 47.Ra8 Qb3 48.Rdd8 g5 49.Nf6+ Kg7 50.Nxh5+ Kf7 51.Ng8 Qb6 52.Nxh6+ Kg6
53.Ng4 Qxd8 54.Rxd8 a1=Q 55.Rf8 Kxh5 56.Rf6  1-0

[Event "FIDE World Blitz 2013"]
[Site "Khanty-Mansiysk RUS"]
[Date "2013.06.10"]
[Round "18.12"]
[White "Popov,Iv RUS"]
[Black "Andreikin,D"]
[Result "0-1"]
[WhiteElo "2632"]
[BlackElo "2713"]

1.e4 c5 2.Nf3 e6 3.d4 cxd4 4.Nxd4 Nc6 5.Nc3 d6 6.Be3 Nf6 7.f3 a6 8.Qd2 Be7
9.O-O-O O-O 10.g4 Nxd4 11.Bxd4 b5 12.Kb1 b4 13.Na4 Rb8 14.g5 Nh5 15.Be3 Qc7
16.b3 e5 17.Bc4 Be6 18.Bd5 Rfc8 19.Rc1 g6 20.c4 bxc3 21.Rxc3 Qd8 22.Rxc8 Rxc8
23.Nb6 Rb8 24.Nc4 Bxd5 25.exd5 Ng7 26.Na5 Qd7 27.Nc6 Re8 28.Qd3 Qh3 29.Bd2 Bf8
30.Re1 Nf5 31.b4 Qxh2 32.a4 Bg7 33.b5 axb5 34.axb5 Qf2 35.Rf1 Qb6 36.Ba5 Qb7
37.Rc1 Ra8 38.Bb4 Qb6 39.Kc2 h5 40.gxh6 Bxh6 41.Re1 Qf2+ 42.Qe2 Ra2+  0-1

[Event "FIDE World Blitz 2013"]
[Site "Khanty-Mansiysk RUS"]
[Date "2013.06.10"]
[Round "18.6"]
[White "Guseinov,G"]
[Black "Movsesian,S"]
[Result "0-1"]
[WhiteElo "2631"]
[BlackElo "2699"]

1.e4 c5 2.Nf3 e6 3.d4 cxd4 4.Nxd4 Nc6 5.Nc3 Qc7 6.g3 a6 7.Bg2 Nf6 8.O-O d6
9.Re1 Bd7 10.a4 Be7 11.Nxc6 bxc6 12.a5 O-O 13.b3 e5 14.Qd2 Be6 15.Bb2 Rfd8
16.Na4 Nd7 17.Ba3 Rab8 18.Bf1 Bf8 19.Rad1 d5 20.Bxf8 Rxf8 21.exd5 cxd5 22.Bxa6 d4
23.Bf1 Bd5 24.Nb6 Nxb6 25.axb6 Rxb6 26.Qa5 Bf3 27.Rd3 Ba8 28.Rxe5 Qc6 29.f3 Ra6
30.Qc5 Qf6 31.Rxd4 Ra1 32.Rf4 Qa6 33.Qc4 Qa7+ 34.Kg2 h6 35.Qe2 Bc6 36.Re7 Qc5
37.Rc4 Qd6 38.Rf4 Rd1 39.Qe3 Rd2+ 40.Be2 Rxc2 41.Rd4 Rxe2+ 42.Qxe2 Qxd4 43.Qe3 Qxe3
44.Rxe3 Rb8  0-1

[Event "FIDE World Blitz 2013"]
[Site "Khanty-Mansiysk RUS"]
[Date "2013.06.10"]
[Round "19.12"]
[White "Vallejo Pons,F"]
[Black "Grachev,B"]
[Result "1-0"]
[WhiteElo "2706"]
[BlackElo "2683"]

1.e4 c5 2.Ne2 Nc6 3.Nbc3 e6 4.d4 cxd4 5.Nxd4 Qc7 6.Be3 Nf6 7.Qf3 a6 8.O-O-O Be7
9.Be2 O-O 10.Qg3 Qa5 11.Nb3 Qd8 12.e5 Ne8 13.f4 b5 14.Bf3 Qc7 15.Kb1 d6 16.exd6 Nxd6
17.f5 e5 18.Nd5 Qd8 19.Nxe7+ Nxe7 20.Bxa8 Nexf5 21.Qf2 Qc7 22.Bd5 a5 23.Bb6 Qe7
24.Bxa5 Nc4 25.Qc5 Qxc5 26.Nxc5 Nxa5 27.Rhe1 Nc4 28.Bxc4 bxc4 29.Rxe5 h5
30.b4 f6 31.Re4 Nh6 32.h3 c3 33.Re3 Bf5 34.Rxc3 Rb8 35.a3 h4 36.Rd4 g5 37.Rf3 Kg7
38.Rd6 Re8 39.Kc1 Re2 40.Rd2 Re1+ 41.Kb2 g4 42.hxg4 Bxg4 43.Rf4 f5 44.a4 Kg6
45.a5 Kg5 46.Rfd4 Re7 47.a6 f4 48.b5 Nf5 49.b6 Nxd4 50.Rxd4 f3 51.gxf3 Bxf3
52.b7 Re8 53.Ne6+ Kg6 54.Nd8  1-0

[Event "FIDE World Blitz 2013"]
[Site "Khanty-Mansiysk RUS"]
[Date "2013.06.10"]
[Round "20.4"]
[White "Smirin,I"]
[Black "Rublevsky,S"]
[Result "1-0"]
[WhiteElo "2663"]
[BlackElo "2695"]

1.e4 c5 2.Nf3 e6 3.d4 cxd4 4.Nxd4 Nc6 5.Nc3 a6 6.f4 Nxd4 7.Qxd4 b5 8.Be3 Bb7
9.O-O-O Rc8 10.Be2 Nf6 11.Bf3 Be7 12.e5 Bxf3 13.gxf3 Nh5 14.Ne4 f5 15.exf6 Nxf6
16.Rhg1 Qc7 17.Rd2 O-O 18.Nxf6+ Bxf6 19.Qxd7 Qc4 20.Bd4 Rf7 21.Qd6 Qxa2 22.b3 Rd8
23.Rxg7+ Rxg7 24.Qxe6+ Rf7 25.Rg2+ Kf8 26.Bc5+ Be7 27.Bxe7+  1-0

[Event "FIDE World Blitz 2013"]
[Site "Khanty-Mansiysk RUS"]
[Date "2013.06.10"]
[Round "20.21"]
[White "Pasiev,R"]
[Black "Khairullin,I"]
[Result "1/2-1/2"]
[WhiteElo "2384"]
[BlackElo "2658"]

1.e4 c5 2.Nf3 e6 3.d4 cxd4 4.Nxd4 Nc6 5.Nc3 Qc7 6.Be3 a6 7.Bd3 Nf6 8.O-O Nxd4
9.Bxd4 Bc5 10.Bxc5 Qxc5 11.Kh1 O-O 12.f4 d6 13.Qf3 Bd7 14.Qg3 Bc6 15.e5 Nd7
16.Rae1 dxe5 17.fxe5 Rae8 18.Qh4 g6 19.Qg3 Qb4 20.Be4 Qxb2 21.Bxc6 bxc6 22.Ne4 f5
23.exf6 Nxf6 24.Ng5 Qxa2 25.Qh4 h5 26.c4 Ng4 27.h3 Rxf1+ 28.Rxf1 Ne3 29.Qe4 Nf5
30.Qxc6 Re7 31.Qa8+ Kg7 32.Qd8 Qa3 33.Ne4 Rf7 34.Qd1 Qe3 35.Re1 Ng3+ 36.Nxg3 Qxg3
37.Rxe6 a5 38.Qa1+ Kh7 39.Qb1 Qg5 40.Ra6 Qf5  1/2-1/2